| 000 | 00619nam a2200217 i 4500 | ||
|---|---|---|---|
| 001 | 98369 | ||
| 003 | ES-MaACL | ||
| 005 | 20230906182254.0 | ||
| 007 | t| | ||
| 008 | 050728s1913 fr ||||1| fre d | ||
| 100 | 1 |
_aMartin, Charles. _977275 |
|
| 245 | 1 | 0 |
_aLaiterie / _cpar Charles Martin; introduction par le Dr. P. Regnard. |
| 250 | _a3ª ed. | ||
| 260 |
_aCorbeil : _bCrete, _c1913. |
||
| 300 |
_a404 p. ; _c18 cm. |
||
| 490 | 1 | _aEnciclopedia agrícola | |
| 700 | 1 |
_aRegnard, Paul ( _d1850-1927) _9150831 |
|
| 830 | 0 |
_aEnciclopedia agrícola _9184010 |
|
| 852 |
_aES-MaACL _jD-3725 |
||
| 999 |
_c98369 _d98369 |
||